000 00353nam a2200145Ia 4500
008 230917s9999||||xx |||||||||||||| ||und||
040 _e160147
_aMAIN
041 _aEnglish
082 _a647.94068 G959R
100 _aGupta, V K
245 0 _aRestaurant management
260 _aNew Delhi
_bAman Publications
_c2007
300 _a272 p.
942 _cBK
999 _c146279
_d146279